[Event "TCh-FRA Top 12 2017"]
[Site "Chartres FRA"]
[Date "2017.05.20"]
[Round "3.2"]
[White "Wojtaszek,R"]
[Black "Colin,V"]
[Result "1-0"]
[WhiteElo "2734"]
[BlackElo "2381"]

1.d4 d5 2.Nf3 Bf5 3.c4 Bxb1 4.Rxb1 c6 5.e3 e6 6.Bd3 Nd7 7.O-O Ngf6 8.b4 dxc4
9.Bxc4 Bd6 10.b5 c5 11.Bb2 Qc7 12.Rc1 O-O 13.Qe2 e5 14.dxc5 Bxc5 15.Rfd1 b6
16.h3 Rae8 17.Nd2 Re7 18.Nb3 Kh8 19.Qc2 Qb8 20.Nxc5 Nxc5 21.Ba3 Rc8 22.Qf5 Kg8
23.Bd5 Rd8 24.Bc6 Re6 25.Bxc5 Rxd1+ 26.Rxd1 bxc5 27.Qd3 Kf8 28.a4 e4 29.Qa3
Re5 30.a5 g5 31.Qc3 Kg7 32.g3 Kg6 33.b6 axb6 34.axb6 Nh5 35.Kg2 Ng7 36.b7 Nf5
37.Ra1 {#r} 1-0

[Event "TCh-FRA Top 12 2017"]
[Site "Chartres FRA"]
[Date "2017.05.20"]
[Round "3.2"]
[White "Coursaget,N"]
[Black "Van Wely,L"]
[Result "0-1"]
[WhiteElo "2311"]
[BlackElo "2663"]

1.d4 Nf6 2.c4 g6 3.f3 d5 4.cxd5 Nxd5 5.e4 Nb6 6.Nc3 Bg7 7.Be3 O-O 8.Qd2 e5
9.d5 c6 10.h4 cxd5 11.exd5 N8d7 12.h5 Nf6 13.Rd1 Nxh5 14.Bh6 f5 15.Bxg7 Kxg7
16.g3 f4 17.gxf4 Rxf4 18.Qe3 Qd6 19.a3 Ng3 20.Ne4 Rxe4 21.fxe4 Nxh1 22.Rd2 Bg4
23.Rh2 h5 24.Rxh1 Rf8 25.Be2 Qf6 26.Nh3 Bxe2 27.Qxe2 Rc8 28.Kd1 Nc4 29.Rh2
Ne3+ 30.Qxe3 Qf1+ 31.Kd2 Qc1+ 32.Kd3 Qc4+ 33.Kd2 Qc2+ 34.Ke1 Qxh2 35.Nf2 Qg1+
{#R} 0-1

[Event "TCh-FRA Top 12 2017"]
[Site "Chartres FRA"]
[Date "2017.05.20"]
[Round "3.2"]
[White "Van Foreest,Jorden"]
[Black "Godard,M"]
[Result "1-0"]
[WhiteElo "2595"]
[BlackElo "2329"]

1.e4 c6 2.d4 d5 3.Nd2 dxe4 4.Nxe4 Nd7 5.Ng5 Ngf6 6.Bd3 e6 7.N1f3 Bd6 8.Qe2 h6
9.Ne4 Nxe4 10.Qxe4 Qc7 11.O-O b6 12.Qg4 Kf8 13.b3 Bb7 14.Re1 Rd8 15.Bb2 Nf6
16.Qh3 Nd5 17.g3 Kg8 18.c4 Nf6 19.Rad1 c5 20.d5 exd5 21.Bxf6 gxf6 22.cxd5 Bxd5
23.Nh4 Kf8 24.Bc4 Bxc4 25.bxc4 Be5 26.Nf5 h5 27.Qh4 Rd7 28.Qe4 Kg8 29.Kg2 Qb7
30.Rxd7 Qxd7 31.f4 Bc3 32.Re3 Bb2 33.Qe8+ Qxe8 34.Rxe8+ Kh7 35.Rxh8+ Kxh8
36.Kf3 Kh7 37.Ke4 Kg6 38.a4 Bc3 39.Ne7+ Kg7 40.Nc8 Kg6 41.Nxa7 f5+ 42.Kd5 h4
43.gxh4 Kh5 44.Nc8 Kg4 45.Nxb6 Kxf4 46.Kxc5 Ke4 47.Nd5 Bd4+ 48.Kb5 f4 49.Nxf4
Kxf4 50.c5 Ke5 51.a5 Kd5 52.a6 Bxc5 53.h5 Bd4 54.h6 Kd6 55.Kc4 {#r} 1-0

[Event "TCh-FRA Top 12 2017"]
[Site "Chartres FRA"]
[Date "2017.05.20"]
[Round "3.2"]
[White "Stephan,V"]
[Black "Tregubov,P"]
[Result "0-1"]
[WhiteElo "2365"]
[BlackElo "2584"]

1.d4 Nf6 2.Bf4 d5 3.e3 c5 4.Nd2 Nc6 5.c3 Bf5 6.Ngf3 e6 7.Bb5 Qb6 8.Qa4 Nd7
9.O-O Be7 10.c4 O-O 11.cxd5 exd5 12.Rfc1 Rac8 13.Bxc6 Rxc6 14.Nb3 c4 15.Na5
Rcc8 16.e4 dxe4 17.Nd2 Qa6 18.b4 b6 19.Ndxc4 b5 {#R} 0-1

[Event "TCh-FRA Top 12 2017"]
[Site "Chartres FRA"]
[Date "2017.05.20"]
[Round "3.2"]
[White "Hamdouchi,H"]
[Black "Marie,M"]
[Result "1-0"]
[WhiteElo "2586"]
[BlackElo "2177"]

1.e4 c5 2.Nf3 Nc6 3.Bb5 Nf6 4.e5 Ng4 5.Qe2 Qc7 6.Bxc6 dxc6 7.d3 g6 8.h3 Nh6
9.g4 Bg7 10.Bf4 Be6 11.Nbd2 Bd5 12.O-O-O Qa5 13.a3 b5 14.c4 b4 15.cxd5 bxa3
16.Nc4 a2 17.Kc2 Qb5 18.d6 O-O 19.dxe7 Rfb8 20.Nfd2 Kh8 21.Qe3 Ng8 22.e8=Q
{#r} 1-0

[Event "TCh-FRA Top 12 2017"]
[Site "Chartres FRA"]
[Date "2017.05.20"]
[Round "3.2"]
[White "Delorme,Ax"]
[Black "Decosse,J"]
[Result "1-0"]
[WhiteElo "2514"]
[BlackElo "2216"]

1.e4 d6 2.d4 Nf6 3.Nc3 e5 4.Nge2 Nc6 5.f3 g6 6.Be3 exd4 7.Nxd4 Nxd4 8.Qxd4 Bg7
9.O-O-O O-O 10.Qd2 Be6 11.g4 Nd7 12.h4 Ne5 13.Be2 Nc4 14.Bxc4 Bxc4 15.h5 Re8
16.hxg6 hxg6 17.Bd4 f6 18.g5 Qe7 19.Qh2 fxg5 20.Qh7+ Kf8 21.Qxg6 Bg8 22.Nd5
Bxd5 23.Rh7 Bxd4 24.Rxd4 Qxh7 25.Qxh7 Bf7 26.Qh6+ Ke7 27.Qxg5+ Kd7 28.e5 Re6
29.exd6 Rxd6 30.Qb5+ {#r} 1-0

[Event "TCh-FRA Top 12 2017"]
[Site "Chartres FRA"]
[Date "2017.05.20"]
[Round "3.3"]
[White "Moucheroud,J"]
[Black "Piorun,K"]
[Result "0-1"]
[WhiteElo "2197"]
[BlackElo "2638"]

1.e4 e6 2.d4 d5 3.Nd2 Be7 4.Ngf3 Nf6 5.Bd3 c5 6.exd5 Qxd5 7.dxc5 Qxc5 8.O-O
O-O 9.Qe2 Nbd7 10.Re1 b6 11.Ne4 Qh5 12.Ng3 Qc5 13.Ne4 Qc7 14.Nxf6+ Nxf6 15.Ne5
Bb7 16.Bf4 Qc5 17.Rad1 Rad8 18.Bg3 g6 19.c4 Nh5 20.Bc2 Nxg3 21.hxg3 Rxd1
22.Rxd1 Rd8 23.Rxd8+ Bxd8 24.Ng4 h5 25.Nh2 Bf6 26.b3 Qd4 27.Qd1 Qxd1+ 28.Bxd1
Be4 29.Nf3 Bc3 30.Ng5 Bb1 31.a3 Bb2 32.a4 a5 33.f4 Kf8 34.Kf2 Ke7 35.Ke3 Bc3
36.Ne4 Bb4 37.Nd2 Bc5+ 38.Kf3 Bf5 39.Ke2 f6 40.Nf3 Be4 41.Ne1 Kd6 42.Bc2 Bxc2
43.Nxc2 e5 44.Kf3 Ke6 45.Ke4 f5+ 46.Kf3 Kf6 47.Ne1 g5 48.Ke2 e4 49.Nc2 h4
50.fxg5+ Kxg5 51.gxh4+ Kxh4 52.Ne3 Bxe3 53.Kxe3 Kg3 54.Ke2 Kxg2 {#R} 0-1

[Event "TCh-FRA Top 12 2017"]
[Site "Chartres FRA"]
[Date "2017.05.20"]
[Round "3.3"]
[White "Shchekachev,A"]
[Black "Grollemund,B"]
[Result "1-0"]
[WhiteElo "2538"]
[BlackElo "2182"]

1.Nf3 g6 2.c4 Bg7 3.d4 c5 4.e4 cxd4 5.Nxd4 Nc6 6.Be3 Nf6 7.Nc3 d6 8.Be2 O-O
9.O-O Bd7 10.Re1 Nxd4 11.Bxd4 Bc6 12.Qd3 a5 13.Rad1 Nd7 14.Bxg7 Kxg7 15.Qd4+
Kg8 16.Bg4 Ne5 17.h3 h5 18.Be2 Nd7 19.Qd2 Kh7 20.b3 Rg8 21.Qg5 f6 22.Qh4 Qf8
23.a3 Qh6 24.b4 axb4 25.axb4 Ra3 26.Nb1 Ra1 27.b5 g5 28.Qg3 Bxe4 29.Nd2 Rxd1
30.Bxd1 f5 31.Nxe4 fxe4 32.Rxe4 e5 33.Re1 Nc5 34.Qf3 Rf8 35.Qxh5 Qxh5 36.Bxh5
Nb3 37.Bf3 b6 38.Bd5 Rf4 39.Re3 Na5 40.Be4+ Kg7 41.g3 Rf8 42.Bd5 Rc8 43.Rd3
Rc7 44.Kg2 Kf6 45.Kf3 e4+ 46.Kxe4 Nxc4 47.Bxc4 Rxc4+ 48.Rd4 Rc2 49.Rxd6+ Ke7
50.Rg6 Rc4+ {#r} 1-0

[Event "TCh-FRA Top 12 2017"]
[Site "Chartres FRA"]
[Date "2017.05.20"]
[Round "3.3"]
[White "Abergel,T"]
[Black "Youssoupov,M"]
[Result "1-0"]
[WhiteElo "2457"]
[BlackElo "2233"]

1.Nf3 Nf6 2.g3 g6 3.Bg2 Bg7 4.O-O O-O 5.c4 c5 6.Nc3 Nc6 7.d4 d5 8.cxd5 Nxd5
9.Nxd5 Qxd5 10.Be3 Rd8 11.dxc5 Qc4 12.Nd2 Qa6 13.Qc2 Qxe2 14.Rfe1 Qb5 15.Nc4
Nb4 16.Qb3 Be6 17.Bf1 a6 18.a4 Qa5 19.Nxa5 Bxb3 20.Nxb3 Nc2 21.Rac1 Nxe1
22.Rxe1 Bxb2 23.Rb1 Bc3 24.Bg2 Rab8 25.Bf3 Bg7 26.Na5 Bc3 27.Nxb7 Bd4 28.Rd1
{#r} 1-0

[Event "TCh-FRA Top 12 2017"]
[Site "Chartres FRA"]
[Date "2017.05.20"]
[Round "3.3"]
[White "Aflalo,S"]
[Black "Caron,D"]
[Result "1-0"]
[WhiteElo "2135"]
[BlackElo "2024"]

1.e4 c5 2.Nf3 e6 3.d4 cxd4 4.Nxd4 a6 5.Bd3 Nf6 6.O-O Qc7 7.Nc3 Nc6 8.Nb3 b5
9.f4 d6 10.Be3 Be7 11.Kh1 Bb7 12.a4 b4 13.Na2 O-O 14.Qe1 e5 15.Nxb4 Nxb4
16.Qxb4 a5 17.Nxa5 exf4 18.Bb6 Qc8 19.Rxf4 Nd7 20.Bd4 Ba6 21.Bb5 Bxb5 22.Qxb5
Ne5 23.Bxe5 dxe5 24.Nc6 Bd6 25.Rf2 Ra6 26.Nxe5 Bc5 27.Rxf7 Rxf7 28.Qc4 Rf6
29.Nxf7 Rxf7 30.Rf1 {#r} 1-0

[Event "TCh-FRA Top 12 2017"]
[Site "Chartres FRA"]
[Date "2017.05.20"]
[Round "3.4"]
[White "Stevic,H"]
[Black "Donchenko,Alexa"]
[Result "0-1"]
[WhiteElo "2600"]
[BlackElo "2563"]

1.e4 c6 2.d4 d5 3.Nc3 dxe4 4.Nxe4 Bf5 5.Ng3 Bg6 6.Nh3 Nf6 7.Nf4 e5 8.dxe5 Qa5+
9.c3 Qxe5+ 10.Be2 Nbd7 11.O-O O-O-O 12.Qa4 Bc5 13.Nd3 Bxd3 14.Bxd3 Nb6 15.Qc2
Nbd5 16.Bd2 Nf4 17.Bf5+ Kb8 18.b4 Bd6 19.Rfe1 Qd5 20.Bxf4 Bxf4 21.Rad1 Qb5
22.a4 Rxd1 23.Rxd1 Qe5 24.Nf1 g6 25.Bh3 Nd5 26.Rd3 Bh6 27.g3 Re8 28.b5 cxb5
29.axb5 Nb6 30.Qd1 f5 31.Rd8+ Kc7 32.Rxe8 Qxe8 33.Qd4 Qe7 34.Bg2 Kc8 35.Qh8+
Bf8 36.Qg8 Qg7 37.Qe6+ Qd7 38.Qg8 Qg7 39.Qa2 Kb8 40.h4 Bc5 41.Qe6 Qe7 42.Qg8+
Kc7 43.Qa2 Nc8 44.Qd5 Kb6 45.Nd2 Nd6 46.Kf1 Qg7 47.Qe6 Qxc3 48.Nb3 Qc2 49.Nxc5
Qd1+ 50.Qe1 Qxe1+ 51.Kxe1 Kxc5 52.Kd2 b6 53.Ke3 Nxb5 {#R} 0-1

[Event "TCh-FRA Top 12 2017"]
[Site "Chartres FRA"]
[Date "2017.05.20"]
[Round "3.4"]
[White "Rambaldi,Francesco"]
[Black "Hamitevici,V"]
[Result "1-0"]
[WhiteElo "2542"]
[BlackElo "2487"]

1.d4 Nf6 2.c4 b6 3.f3 e6 4.e4 d5 5.cxd5 exd5 6.e5 Nfd7 7.f4 c5 8.Nf3 Nc6 9.Be3
cxd4 10.Nxd4 Nxd4 11.Bxd4 Nc5 12.Nc3 Ne6 13.Bb5+ Bd7 14.Bxd7+ Qxd7 15.Ne2 Bb4+
16.Bc3 Bxc3+ 17.bxc3 O-O 18.O-O f5 19.exf6 Rxf6 20.f5 Nc7 21.Nd4 Re8 22.Qd3
Qe7 23.Qd2 Qe3+ 24.Qxe3 Rxe3 25.Rac1 b5 26.Rfe1 Rxe1+ 27.Rxe1 Kf7 28.g4 Ra6
29.g5 Kf8 30.Re2 Ra3 31.f6 gxf6 32.gxf6 Rxc3 33.Re7 Rc4 34.Nf3 Rc1+ 35.Kg2
Rc2+ 36.Kg3 Rc3 37.Kf2 Rc6 38.Rxh7 Kg8 39.f7+ Kf8 40.Ne5 Rf6+ 41.Kg3 {#r} 1-0

[Event "TCh-FRA Top 12 2017"]
[Site "Chartres FRA"]
[Date "2017.05.20"]
[Round "3.4"]
[White "Sulava,N"]
[Black "Nezar,M"]
[Result "1-0"]
[WhiteElo "2468"]
[BlackElo "2354"]

1.d4 Nf6 2.Nf3 e6 3.c4 b6 4.e3 Bb7 5.Bd3 c5 6.O-O Be7 7.Nc3 cxd4 8.exd4 O-O
9.d5 h6 10.Re1 Re8 11.Bf4 Bf8 12.Nb5 Nh5 13.Bc7 Qc8 14.Be5 Na6 15.Ng5 g6
16.Nxf7 Kxf7 17.Qg4 Kg8 18.Qxg6+ Ng7 19.Nd6 {#r} 1-0

[Event "TCh-FRA Top 12 2017"]
[Site "Chartres FRA"]
[Date "2017.05.20"]
[Round "3.4"]
[White "Adrian,C"]
[Black "Babault,P"]
[Result "1-0"]
[WhiteElo "2234"]
[BlackElo "2411"]

1.d4 d5 2.Nf3 Nf6 3.c4 c6 4.g3 Bf5 5.Nc3 e6 6.Nh4 Bg4 7.h3 Bh5 8.g4 Bg6 9.Qb3
Qb6 10.Nxg6 hxg6 11.g5 Ng8 12.c5 Qc7 13.Bf4 Qc8 14.e4 Ne7 15.O-O-O dxe4
16.Nxe4 Nf5 17.h4 Na6 18.Bh3 Rxh4 19.Bxf5 Rxf4 20.Rh8 Qd7 21.Nd6+ Ke7 22.Be4
Qc7 23.Bf5 Kd7 {#r} 1-0

[Event "TCh-FRA Top 12 2017"]
[Site "Chartres FRA"]
[Date "2017.05.20"]
[Round "3.5"]
[White "Kuzubov,Y"]
[Black "Marcelin,C"]
[Result "1-0"]
[WhiteElo "2637"]
[BlackElo "2472"]

1.c4 g6 2.d4 Bg7 3.Nc3 c5 4.d5 Bxc3+ 5.bxc3 f5 6.Nf3 Nf6 7.g3 Qa5 8.Nd2 d6
9.Bg2 Nbd7 10.O-O Nb6 11.Re1 Rf8 12.e4 fxe4 13.Nxe4 Nxe4 14.Bxe4 Rf7 15.Bf4
Rxf4 16.gxf4 Qxc3 17.Qe2 Qg7 18.a4 a5 19.Ra3 Bd7 20.Bc2 Kd8 21.Rb1 Kc7 22.Rab3
Ra6 23.Qe1 g5 24.Rxb6 gxf4+ 25.Kh1 Rxb6 26.Qxa5 {#r} 1-0

[Event "TCh-FRA Top 12 2017"]
[Site "Chartres FRA"]
[Date "2017.05.20"]
[Round "3.5"]
[White "Kveinys,A"]
[Black "Wirig,A"]
[Result "1-0"]
[WhiteElo "2520"]
[BlackElo "2486"]

1.e4 c5 2.Nf3 Nc6 3.Bb5 g6 4.Bxc6 bxc6 5.O-O Bg7 6.Re1 Nf6 7.e5 Nd5 8.c4 Nc7
9.Nc3 Ne6 10.d3 O-O 11.Be3 d6 12.exd6 exd6 13.Qd2 Nd4 14.Bxd4 cxd4 15.Ne4 f5
16.Neg5 Qf6 17.Nh3 h6 18.Nf4 Qf7 19.h4 Bf6 20.h5 g5 21.Ng6 Rd8 22.c5 Be6
23.cxd6 Rxd6 24.Nfe5 Qb7 25.b3 Bd5 26.Nc4 Re6 27.Rxe6 Bxe6 28.Re1 Qd7 29.Qa5
Re8 30.Nge5 Bxe5 31.Nxe5 Qd6 32.Ng6 Qd7 33.Qc5 Bd5 34.Rxe8+ Qxe8 35.Qxd4 Qe1+
36.Kh2 Kf7 37.Qxa7+ Kf6 38.Qd4+ Ke6 39.Qg7 Kd6 40.Qxh6 Qxf2 41.Qxg5 Kc5 42.h6
{#r} 1-0

[Event "TCh-FRA Top 12 2017"]
[Site "Chartres FRA"]
[Date "2017.05.20"]
[Round "3.6"]
[White "Vernay,C"]
[Black "Naiditsch,A"]
[Result "0-1"]
[WhiteElo "2501"]
[BlackElo "2700"]

1.d4 e6 2.c4 Nf6 3.Nf3 d5 4.Nc3 c6 5.e3 Nbd7 6.a3 Bd6 7.Qc2 O-O 8.Bd3 e5
9.cxd5 cxd5 10.Nb5 Bb8 11.dxe5 Nxe5 12.Nxe5 Bxe5 13.f4 Bb8 14.O-O a6 15.Nd4
Ba7 16.Bd2 Re8 17.h3 Bd7 18.Rfe1 Ne4 19.Bxe4 Rxe4 20.Qb3 Bc6 21.Qd3 Qf6 22.Bc3
Rae8 23.Kh1 Bd7 24.Nf3 Qg6 25.Ne5 Qe6 26.Rad1 Bc6 27.Bd4 Bxd4 28.exd4 f6 29.f5
Qd6 30.Nf3 Qg3 31.Qd2 Bb5 {#R} 0-1

[Event "TCh-FRA Top 12 2017"]
[Site "Chartres FRA"]
[Date "2017.05.20"]
[Round "3.6"]
[White "Edouard,R"]
[Black "Dionisi,T"]
[Result "1-0"]
[WhiteElo "2640"]
[BlackElo "2392"]

1.d4 f5 2.Bg5 g6 3.Nc3 Bg7 4.h4 h6 5.Bf4 Nf6 6.e3 d6 7.Qf3 O-O 8.Bc4+ Kh7
9.Nh3 Qe8 10.Bg5 c6 11.Bxf6 Bxf6 12.Ng5+ Kg7 13.Ne6+ Bxe6 14.Bxe6 Na6 15.g4
Nc7 16.Bb3 fxg4 17.Qxg4 h5 18.Qg2 e5 19.Ne4 d5 20.Ng3 Kh6 21.dxe5 Qxe5 22.c3
b5 23.Ne2 Rg8 24.Bc2 Ne6 25.Rh3 b4 26.O-O-O bxc3 27.bxc3 Rab8 28.Rg1 Nf8
29.Rg3 Qe8 30.Qf3 Be5 31.Rg5 Qe6 32.Bxg6 Rxg6 33.Qxh5+ Kg7 34.Rxg6+ Nxg6
35.Rxg6+ Qxg6 36.Qxe5+ {#r} 1-0

[Event "TCh-FRA Top 12 2017"]
[Site "Chartres FRA"]
[Date "2017.05.20"]
[Round "3.6"]
[White "Ariza,Thomas"]
[Black "Pelletier,Y"]
[Result "0-1"]
[WhiteElo "2116"]
[BlackElo "2543"]

1.Nf3 d5 2.d4 Nf6 3.c4 e6 4.g3 Bb4+ 5.Bd2 Bd6 6.Bg2 c6 7.b3 Nbd7 8.Qc2 Ne4
9.O-O O-O 10.Bc3 f5 11.Bb2 Qe7 12.Nbd2 a5 13.Ne1 a4 14.Nxe4 dxe4 15.f3 axb3
16.axb3 Rxa1 17.Bxa1 f4 18.fxe4 fxg3 19.e5 Bxe5 20.Rxf8+ Qxf8 21.Nf3 gxh2+
22.Kh1 Bf4 23.e4 e5 24.c5 exd4 25.Qc4+ Qf7 26.Qxd4 Nf8 27.Nh4 Qd7 28.Qc4+ Kh8
29.Bd4 Ne6 30.Bh3 Qe8 31.Nf5 Nxd4 32.Qxd4 Be5 33.Qf2 Qf8 34.Qe3 Be6 35.Nh4 Qd8
36.Qf3 Bxh3 37.Ng6+ hxg6 38.Qxh3+ Kg8 39.Qe6+ Kf8 40.Qxe5 Qd1+ 41.Kxh2 Qh5+
42.Qxh5 gxh5 43.Kg3 g5 {#R} 0-1

[Event "TCh-FRA Top 12 2017"]
[Site "Chartres FRA"]
[Date "2017.05.21"]
[Round "4.1"]
[White "Bellahcene,B"]
[Black "Istratescu,A"]
[Result "0-1"]
[WhiteElo "2452"]
[BlackElo "2596"]

1.e4 e5 2.Nf3 Nc6 3.Bc4 Bc5 4.b4 Bxb4 5.c3 Ba5 6.d4 d6 7.Qb3 Qd7 8.Nbd2 Bb6
9.a4 Nf6 10.a5 Nxa5 11.Rxa5 Bxa5 12.dxe5 Ng4 13.exd6 O-O 14.h3 Nh6 15.dxc7
Qxc7 16.Nd4 Bd7 17.O-O Kh8 18.N2f3 Rac8 19.Bd5 Bxc3 20.Be3 Bxd4 21.Nxd4 Ng8
22.Bxf7 Nf6 23.Ne6 Bxe6 24.Bxe6 Rce8 25.f3 b6 26.Rc1 Qe5 27.Bf5 g6 28.f4 Qe7
29.Bg4 Qxe4 30.Bf2 Qxf4 31.Rc4 Re4 32.Rxe4 Qxe4 33.Bf3 Qe5 34.Qa3 Rf7 35.Qa4
Rd7 36.Qc6 Rc7 {#R} 0-1

[Event "TCh-FRA Top 12 2017"]
[Site "Chartres FRA"]
[Date "2017.05.21"]
[Round "4.2"]
[White "Kryvoruchko,Y"]
[Black "Flear,G"]
[Result "1-0"]
[WhiteElo "2714"]
[BlackElo "2439"]

1.Nf3 d5 2.g3 Bg4 3.Bg2 Nd7 4.c4 e6 5.cxd5 exd5 6.O-O Ngf6 7.d3 c6 8.h3 Bxf3
9.exf3 Be7 10.f4 O-O 11.Nd2 Re8 12.Nf3 Qc7 13.Bd2 a5 14.Qc2 Qb6 15.Rac1 Bc5
16.Bc3 d4 17.Be1 Bb4 18.a3 Bxe1 19.Rfxe1 Rxe1+ 20.Rxe1 Re8 21.Rxe8+ Nxe8
22.Qa4 Qxb2 23.Qxa5 Kf8 24.Ne5 Qc1+ 25.Kh2 Nxe5 26.fxe5 Qc3 27.Qa7 c5 28.Bxb7
{#r} 1-0

[Event "TCh-FRA Top 12 2017"]
[Site "Chartres FRA"]
[Date "2017.05.21"]
[Round "4.2"]
[White "Youssoupov,M"]
[Black "Kuzubov,Y"]
[Result "0-1"]
[WhiteElo "2233"]
[BlackElo "2637"]

1.d4 g6 2.e4 d6 3.Nc3 Bg7 4.Be3 a6 5.h4 Nf6 6.f3 b5 7.Qd2 h6 8.O-O-O Nbd7
9.Kb1 Nb6 10.a3 c6 11.g4 a5 12.d5 b4 13.Bxb6 Qxb6 14.Na4 Qc7 15.dxc6 Qxc6
16.b3 Bd7 17.g5 hxg5 18.e5 dxe5 19.hxg5 Rxh1 20.gxf6 Bxf6 21.Bc4 Qd6 22.Qe2
Qc7 23.Qg2 Rh4 24.f4 Rd8 25.Nf3 Bc6 26.Rxd8+ Qxd8 27.Qe2 Bxf3 28.Qxf3 e4
29.Bb5+ Kf8 {#R} 0-1

[Event "TCh-FRA Top 12 2017"]
[Site "Chartres FRA"]
[Date "2017.05.21"]
[Round "4.2"]
[White "Wirig,A"]
[Black "Moucheroud,J"]
[Result "1-0"]
[WhiteElo "2486"]
[BlackElo "2197"]

1.Nf3 d5 2.g3 c6 3.Bg2 Bg4 4.h3 Bxf3 5.Bxf3 e6 6.d3 Bd6 7.e4 Nd7 8.Qe2 Ne7
9.Nd2 O-O 10.O-O Qc7 11.Bg2 a5 12.d4 Qb6 13.c3 Qa6 14.Qh5 Nf6 15.Qd1 Bc7
16.Re1 Rfe8 17.Bf1 Qa7 18.e5 Nd7 19.Qh5 Nf8 20.Nf3 b5 21.h4 Bd8 22.Bd3 b4
23.Qg4 Kh8 24.h5 h6 25.Qf4 Ng8 26.g4 Nh7 27.Qg3 Qd7 28.Kh1 Be7 29.Rg1 Ng5
30.Nxg5 hxg5 31.Bc2 {#r} 1-0

[Event "TCh-FRA Top 12 2017"]
[Site "Chartres FRA"]
[Date "2017.05.21"]
[Round "4.2"]
[White "Apicella,M"]
[Black "Grollemund,B"]
[Result "1-0"]
[WhiteElo "2515"]
[BlackElo "2182"]

1.e4 g6 2.d4 Bg7 3.Nc3 d6 4.Be3 a6 5.Qd2 Nd7 6.h4 h5 7.Nh3 b5 8.Ng5 c6 9.Bd3
Qc7 10.Ne2 Ngf6 11.f3 e5 12.c3 Bb7 13.O-O O-O 14.Rad1 c5 15.d5 c4 16.Bc2 Nh7
17.Kh1 Nc5 18.Rg1 Bc8 19.Rdf1 Nf6 20.Ng3 Rb8 21.f4 exf4 22.Bxf4 Ng4 23.Ne2 a5
24.a3 Qb6 25.Nd4 b4 26.Nc6 bxc3 27.bxc3 Rb7 28.Bxd6 Re8 29.Nxf7 Nxe4 30.Bxe4
Rxe4 31.Ng5 Re3 32.Rf3 Bxc3 33.Qc2 Bf5 34.Rxf5 gxf5 35.Qxf5 Re1 36.Qf8# 1-0

[Event "TCh-FRA Top 12 2017"]
[Site "Chartres FRA"]
[Date "2017.05.21"]
[Round "4.3"]
[White "Van Foreest,Jorden"]
[Black "Naiditsch,A"]
[Result "1-0"]
[WhiteElo "2595"]
[BlackElo "2700"]

1.e4 e6 2.d4 d5 3.Nc3 Nf6 4.e5 Nfd7 5.f4 c5 6.Nf3 a6 7.Be3 Qb6 8.Na4 Qa5+ 9.c3
cxd4 10.b4 Qc7 11.Qxd4 Nc6 12.Qd2 Be7 13.Bd3 b5 14.Nb2 a5 15.O-O axb4 16.cxb4
Bxb4 17.Qe2 Ra3 18.Rfc1 Qb7 19.Nd1 Ra5 20.Qc2 Ndb8 21.Nd4 Bd7 22.Nb3 Ra3
23.Nc5 Bxc5 24.Bxc5 b4 25.Rab1 Na6 26.Bd6 h5 27.Kh1 Nd4 28.Qd2 Nc6 29.f5 exf5
30.Qg5 Rxd3 31.Qxg7 Be6 32.Qxh8+ Kd7 33.Qxh5 Rd2 34.a3 b3 35.Qf3 b2 36.Qc3 Re2
37.Rxb2 Rxb2 38.Qxb2 Qa7 {#r} 1-0

[Event "TCh-FRA Top 12 2017"]
[Site "Chartres FRA"]
[Date "2017.05.21"]
[Round "4.3"]
[White "Van Wely,L"]
[Black "Edouard,R"]
[Result "1-0"]
[WhiteElo "2663"]
[BlackElo "2640"]

1.c4 c5 2.Nf3 g6 3.d4 cxd4 4.Nxd4 Nc6 5.e4 Bg7 6.Be3 Nf6 7.Nc3 Ng4 8.Qxg4 Nxd4
9.Qd1 e5 10.Bd3 d6 11.O-O O-O 12.a4 a5 13.Nb5 Bd7 14.Bxd4 Bxb5 15.Be3 Bc6
16.f3 f5 17.Qc2 Qf6 18.Rad1 Qe6 19.Rd2 Kh8 20.Rfd1 Rf6 21.Bg5 Rf7 22.Be2 fxe4
23.fxe4 Rd7 24.b3 h5 25.Qd3 Kh7 26.Qe3 Bf6 27.c5 Rad8 28.Bc4 Qe7 29.Bxf6 Qxf6
30.Rf1 Qh4 31.Rdf2 Rg7 32.Rf7 Rd7 33.Rxd7 Rxd7 34.cxd6 Kg7 35.Be6 {#r} 1-0

[Event "TCh-FRA Top 12 2017"]
[Site "Chartres FRA"]
[Date "2017.05.21"]
[Round "4.4"]
[White "Godard,M"]
[Black "Hamitevici,V"]
[Result "0-1"]
[WhiteElo "2329"]
[BlackElo "2487"]

1.d4 d6 2.Nf3 f5 3.g3 Nf6 4.Bg2 g6 5.c3 Bg7 6.Qb3 Nc6 7.Ng5 d5 8.Nf3 O-O 9.Bf4
e6 10.Nbd2 a5 11.a4 b6 12.Qc2 Ba6 13.Ne5 Nxe5 14.Bxe5 Bh6 15.Nf3 Ne4 16.h4 c5
17.Bf4 Bg7 18.e3 h6 19.Bf1 c4 20.Bh3 g5 21.hxg5 hxg5 22.O-O-O gxf4 23.gxf4 Kf7
24.Rdg1 Rh8 25.Rxg7+ Kxg7 26.Ne5 Kf6 27.f3 Ng3 28.Qg2 Qg8 29.Re1 Ra7 30.Bg4
Qh7 31.Bxf5 exf5 32.Qxg3 Rg7 33.Ng4+ fxg4 34.f5 Qh2 {#R} 0-1

[Event "TCh-FRA Top 12 2017"]
[Site "Chartres FRA"]
[Date "2017.05.21"]
[Round "4.4"]
[White "Donchenko,Alexa"]
[Black "Stephan,V"]
[Result "1-0"]
[WhiteElo "2563"]
[BlackElo "2365"]

1.Nf3 b6 2.d4 Bb7 3.c4 f5 4.Nc3 Nf6 5.d5 g6 6.Bg5 Bg7 7.Qd2 O-O 8.h4 Qe8 9.Bh6
Na6 10.h5 gxh5 11.Bxg7 Kxg7 12.Qf4 e6 13.e3 Kh8 14.Be2 Qe7 15.O-O-O Nc5
16.dxe6 dxe6 17.Ne5 Rad8 18.Rd4 Qg7 19.Bxh5 Nxh5 20.Rxh5 Rxd4 21.exd4 Nd7
22.Nxd7 Qxd7 23.Ne2 Rg8 24.g3 Qg7 25.Qe3 c5 26.dxc5 bxc5 27.Qxe6 Bf3 28.Rh4
Bg4 29.Qe3 Bxe2 30.Qxe2 Rb8 31.Rf4 Qf6 32.g4 Rf8 33.Rxf5 Qh6+ 34.Qd2 Qh1+
35.Qd1 Qxd1+ 36.Kxd1 Rxf5 37.gxf5 a5 38.Ke2 Kg7 39.Kf3 {#r} 1-0

[Event "TCh-FRA Top 12 2017"]
[Site "Chartres FRA"]
[Date "2017.05.21"]
[Round "4.4"]
[White "Colin,V"]
[Black "Solodovnichenko,Y"]
[Result "0-1"]
[WhiteElo "2381"]
[BlackElo "2576"]

1.d4 d5 2.Bf4 c5 3.e4 dxe4 4.d5 Nf6 5.Nc3 a6 6.Qe2 g6 7.O-O-O Bg7 8.d6 Nc6
9.dxe7 Qxe7 10.Bd6 Qe6 11.Bxc5 Qf5 12.Bd6 Be6 13.f3 O-O-O 14.fxe4 Qg5+ 15.Kb1
Ne8 16.Bg3 Bxc3 17.Rxd8+ Qxd8 18.bxc3 Qa5 19.Nf3 Qxa2+ 20.Kc1 Nf6 21.Qe3 Qa1+
22.Kd2 Rd8+ 23.Nd4 Nxd4 24.cxd4 Rxd4+ 25.Bd3 Nxe4+ {#R} 0-1

[Event "TCh-FRA Top 12 2017"]
[Site "Chartres FRA"]
[Date "2017.05.21"]
[Round "4.4"]
[White "Decosse,J"]
[Black "Bailet,P"]
[Result "0-1"]
[WhiteElo "2216"]
[BlackElo "2519"]

1.d4 d5 2.c4 c6 3.Nf3 Nf6 4.e3 Bf5 5.Nc3 e6 6.Nh4 Bg6 7.Nxg6 hxg6 8.Bd2 Nbd7
9.Qc2 Be7 10.O-O-O Rc8 11.Kb1 O-O 12.cxd5 cxd5 13.Qb3 Nb6 14.f3 Qc7 15.Nb5 Qb8
16.Na3 Bxa3 17.Qxa3 Nc4 18.Bxc4 Rxc4 19.b3 Rc6 20.Be1 Rfc8 21.Bg3 Qa8 22.Rc1
a5 23.Rxc6 Rxc6 24.Rc1 Qa6 25.Rxc6 bxc6 26.Qc1 Qd3+ 27.Ka1 Qe2 28.Qe1 Qxg2
29.Qf2 Qh1+ 30.Kb2 g5 31.Be5 Qd1 32.a4 Qd3 33.h3 Qf5 34.Qg2 c5 35.Bc7 c4
36.bxc4 Qd3 37.Bxa5 dxc4 38.Qc2 Qxe3 39.Qxc4 Qf2+ 40.Kb3 Qxf3+ 41.Bc3 Ne4
42.Qc8+ Kh7 43.a5 Qd1+ 44.Kb4 Qb1+ 45.Ka4 Qc2+ 46.Kb4 Nf6 47.Qc4 Nd5+ 48.Kc5
Nxc3 49.a6 Ne4+ 50.Kb4 Qd2+ 51.Ka4 Nd6 52.Qb4 Qa2+ 53.Qa3 Qc4+ {#R} 0-1